Psicología de la conducta /

Podemos decir que la Psicología estudia los seres humanos, pero que indudablemente con esto no queda configurado ni delimitado con exactitud se campo de operación, porque muchas otras ciencias se ocupan del hombre y lo enfocan como objeto de estudio. La Psicología estudia los seres humanos, pero lo...

Full description

Bibliographic Details
Main Author: Bleger, José 1923-1972
Format: Libro
Language:Spanish
Published: Buenos Aires Paidós 1982
Series:Biblioteca de psicología general 2
Subjects:

MARC

LEADER 00000cam a2200000 a 4500
001 001240
003 UAHC_CL
005 20170803115723.0
008 170512s1982 ag 000 spa
040 |a UAHC_CL  |c UAHC_CL  |d UAHC_CL 
082 0 4 |a 150.1943  |b B646  |2 20 
100 1 |a Bleger, José  |d 1923-1972 
245 1 0 |a Psicología de la conducta /  |c José Bleger. 
260 |b Paidós  |a Buenos Aires  |c 1982 
300 |a 351 p. 
490 0 |a Biblioteca de psicología general  |v 2 
520 |a Podemos decir que la Psicología estudia los seres humanos, pero que indudablemente con esto no queda configurado ni delimitado con exactitud se campo de operación, porque muchas otras ciencias se ocupan del hombre y lo enfocan como objeto de estudio. La Psicología estudia los seres humanos, pero lo hace desde un ángulo o enfoque particular, que responde a la necesidad de atender determinado plano de su organización como seres vivos. Los intentos de gallar un objeto especifico y privativo, han conducido históricamente a la Psicología a definir su objeto de estudio como el alma, la ciencia, la mente o el psiquismo, olvidando que éstas son entidades abstractas con las cuales se reemplazan los fenómenos concretos. No hay tal cosa como alma, psique, mente o conciencia. Hay fenómenos psicológicos o mentales, pero el tributo no debe ser transformado en sujeto ni sustancia. 
650 4 |a CONDUCTA HUMANA 
650 4 |a PSICOLOGIA 
650 4 |a CONDUCTA HUMANA 
650 4 |a CONDUCTA HUMANA 
650 4 |a PSICOLOGIA 
653 |a PSICOLOGIA 
900 |a 150.1943 BLE 
942 |c BK 
952 |0 0  |1 0  |4 0  |6 150_194300000000000_BLE  |7 0  |8 General  |9 2761  |a BC  |b BC  |c General  |d 2017-08-03  |l 2  |o 150.1943 BLE  |p 1440985  |r 2026-01-07 00:00:00  |s 2024-04-22  |t 1  |w 2017-08-03  |x Rayado con lápiz rojo CBB 01.10.2018  |y BK 
999 |c 1240  |d 1240